• 首页
  • 本馆介绍
  • 公告通知
  • 最新文献
  • 馆藏检索
  • 电子资源
  • 读者导购
  • 参考咨询
  • 我的图书馆
  • 登录
  • 详细信息显示
  • 放入我的书架
  • 预约/预借图书
  • 作者相关作品
  • 分类相关作品
  • 丛书相关作品
  • 出版社相关作品

书目信息

  • 表格格式
  • 工作单格式
  • 卡片格式
题名:
探索的足迹
    
 
作者: ;中国石油天然气集团公司人事部 编
分册:  
出版信息: 北京   石油工业出版社  2017.9
页数: 342页
开本: 24cm
丛书名:
单 册:
中图分类: D267.1
科图分类:
主题词: 中国共产党--中国石油天然气集团公司--党的建设--研究
电子资源:
ISBN: 978-7-5183-2151-3
000 01144nam0 2200229 45
001 012001003567
005 20140926114739.0
010    @a978-7-5183-2151-3@dCNY55.00
100    @a20171004d2017 em y0chiy0110 ea
101 0  @achi
102    @aCN@b110000
105    @ay z 000yy
106    @ar
200 1  @a探索的足迹@9tan suo de zu ji@f中国石油天然气集团公司人事部编
210    @a北京@c石油工业出版社@d2017.9
215    @a342页@d24cm
330    @a本书主要选编了中国石油天然气集团公司2015—2016年优秀党建研究成果30篇。本书为思想建设篇、组织建设篇、制度建设篇和党风廉政建设篇,对党的思想建设、组织建设、制度建设、作风建设、反腐倡廉建设等方面进行了深入研究与探索,是中国石油广大党务工作者群策群力,融谋汇智的结果。集思想性和实践性于一体,具有很强的指导性和可操作性,既可以作为各级党组织、各级党政干部和广大党务工作者的案头工具书,也可作为广大党建理论学习者和研究者的参考书。
606 0  @a中国共产党@y中国石油天然气集团公司@x党的建设@x研究
690    @aD267.1@v5
711 02 @a中国石油天然气集团公司人事部@9zhong guo shi you tian ran qi ji tuan gong si ren shi bu@4编
801  0 @aCN@b上海新华@c20180901
905    @b1154563-7@dD267.1@e282@f5
    
    探索的足迹/中国石油天然气集团公司人事部编.-北京:石油工业出版社,2017.9
    342页;24cm
    
    
    ISBN 978-7-5183-2151-3:CNY55.00
    本书主要选编了中国石油天然气集团公司2015—2016年优秀党建研究成果30篇。本书为思想建设篇、组织建设篇、制度建设篇和党风廉政建设篇,对党的思想建设、组织建设、制度建设、作风建设、反腐倡廉建设等方面进行了深入研究与探索,是中国石油广大党务工作者群策群力,融谋汇智的结果。集思想性和实践性于一体,具有很强的指导性和可操作性,既可以作为各级党组织、各级党政干部和广大党务工作者的案头工具书,也可作为广大党建理论学习者和研究者的参考书。
●
相关链接 在E读中查询图书 在五车中查询图书 在当当中查询图书 在豆瓣中查询图书


正题名:探索的足迹     索取号:D267.1/282         预约/预借

序号 登录号 条形码 馆藏地/架位号 状态 备注
1 1154563   211545639   第一样本阅览室/ [索取号:D267.1/282] 在馆    
2 1154564   211545648   第一借阅区/ [索取号:D267.1/282] 在馆    
3 1154565   211545657   第一借阅区/ [索取号:D267.1/282] 在馆    
4 1154566   211545666   第一借阅区/ [索取号:D267.1/282] 在馆    
5 1154567   211545675   密集书库-史法系/ [索取号:D267.1/282] 在馆    
唐山师范学院图书馆 欢迎您!
大连网信软件有限公司© 版权所有